Most Powerful Passports In The World - Statistics

General Stats
  • This quiz has been taken 44 times
  • The average score is 36 of 44
Answer Stats
Access Country % Correct
182 Canada
98%
187 Japan
98%
183 United Kingdom
98%
182 Australia
95%
179 United States
95%
185 Finland
93%
184 Norway
93%
187 South Korea
93%
186 Sweden
93%
184 Switzerland
93%
185 Denmark
90%
185 France
90%
184 Italy
90%
184 Netherlands
90%
184 Spain
90%
184 Austria
88%
182 Slovenia
88%
285 Germany
85%
182 Latvia
85%
180 Lithuania
85%
184 Luxembourg
85%
183 Poland
85%
185 Belgium
83%
181 Estonia
83%
183 Hungary
83%
185 Ireland
83%
184 Portugal
83%
192 Singapore
83%
182 Slovakia
83%
182 Czechia
80%
187 United Arab Emirates
80%
181 Croatia
78%
179 Iceland
78%
182 New Zealand
78%
177 Romania
78%
184 Greece
76%
180 Liechtenstein
73%
184 Malta
71%
176 Monaco
71%
177 Bulgaria
68%
174 Cyprus
63%
183 Malaysia
56%
174 Chile
46%
174 Hong Kong
15%
No matching quizzes found
Score Distribution
Percent of People with Each Score
Percentile by Number Answered
Your Score History
You have not taken this quiz